000 00320 a2200157 4500
001 50066
040 _cAnchieta - Bela Vista
100 _aBandeira, Pedro
240 1 0 _aRobin Hood
_lpor
245 1 0 _aRobin Hood
300 _a64
362 0 _a2012
440 1 _aModerna
650 4 _aLiteratura juvenil
942 _cBK
999 _c50066
_d50066